| 000 | 00582nam a2200229 a 4500 | ||
|---|---|---|---|
| 001 | nice12345678 | ||
| 003 | IN_TiNIC | ||
| 005 | 20260116013314.0 | ||
| 008 | 070620s1996 newa grp 000 0 eng | ||
| 020 |
_a _c1800 |
||
| 082 | 0 | 0 |
_a891.51 _bNIC2 |
| 100 | _aNicholson, Reynold A | ||
| 245 | _aMathnawi of Jalaliddin Rumi | ||
| 260 |
_aNew Delhi _bAdam Publisher and Distributer _c1996 |
||
| 300 | _a416p | ||
| 500 | _aincludes index and biblioraphy | ||
| 650 | _aPersian Poetry | ||
| 700 | 1 | _aNicholson, Reynold A | |
| 902 | _bSRS | ||
| 942 | _cBK | ||
| 999 |
_c10496 _d10496 |
||